| 000 | 01339nam a2200301 i 4500 | ||
|---|---|---|---|
| 003 | DO-SdBNP | ||
| 005 | 20250919112547.0 | ||
| 006 | a||||fr|||| 00| 0 | ||
| 007 | ta | ||
| 008 | 240415e2023 dr ||||| l||| 00| 0 spa d | ||
| 020 | _a9789945643121 (digital) | ||
| 020 | _a9789945889130 (1a. edición impresa) | ||
| 020 | _a9789945610505 (2a. edición impresa). | ||
| 040 |
_aDO-SdBNP _bspa _cBNPHU _erda |
||
| 082 | 4 |
_222 _bR246L |
|
| 110 | 1 |
_aRepública Dominicana. _bCorte de Constitucionalidad _eautor _971191 |
|
| 240 | _a(Ley 137-11 y decretos) | ||
| 245 |
_aLey no. 137-11 orgánica del Tribunal Constitucional y de los procedimientos constitucionales : _bmodificada por la ley no. 145-11. |
||
| 264 |
_aSanto Domingo : _bTribunal Constitucional, _c2023 |
||
| 300 |
_a54 páginas ; _c23 cm. |
||
| 336 |
_2rdacontent _atexto _btxt |
||
| 337 |
_2rdamedia _asin mediación _bn |
||
| 338 |
_2rdacarrier _avolumen _bnc |
||
| 505 |
_aPresentación al Décimo Aniversario de la LOTCPC Núm. 137- 11.-- _gConsiderandos. _tTítulo I. De la Justicia Cosntituciónal y sus Principios.-- _tTítulo II. De los Procesos y Procedimientos Cosntitucionales.-- _tDisposición Transitoria. Primera.-- _tDisposición Transitoria. Segunda.-- _tDisposición Transitoria. Tercera.-- |
||
| 590 | _aInventariado 2024 / MF | ||
| 900 | _al | ||
| 942 |
_2ddc _cLBS1 |
||
| 999 |
_c56424 _d56424 |
||